Pőstyén fűrdő Ferencz Jozsef fűrdő

Zobrazenie: Pohľad na kúpele Franca Jozefa (vtedajšie) zľava z diaľky. V popredí pred budovou je park s viacerými trávnatými plochami, medzi ktorými vedú cesty. V popredí uprostred záberu stojí na okraji cesty muž v kabáte a klobúku. Za ním viac v pozadí na rovnakej ceste stojí žena so zásterou a ru...

Full description

Bibliographic Details
Format: Postcard
Language:Hungarian
German
PhysicalDescription:1 pohľadnica čiernobiela 9 x 14 cm
Published: [Slovensko?] L. F. B. 1906
Subjects:

MARC

LEADER 00000ckm a2200000 a 4500
001 vtls011572596
003 SK-MaSNL
005 20260512130317.0
007 kp bo
008 230706s1906 xo g kuhun
015 |a SNBG1906 
035 |a urn:nbn:sk:snk-km00dz1s 
035 |a urn:nbn:sk:snk-km3lnqr 
035 |a D9D1AAEF-8A52-4AD5-8D1C-59D191A0C70F 
040 |a SNK  |b slo  |c SNK  |e AACR2 
041 0 |a hun  |a ger 
043 |a e-xo--- 
044 |a xo  |c SK 
072 7 |a 913  |x Regionálna geografia  |2 konspekt 
080 |a 711.455:615.838  |2 2011 
080 |a 913(437.6)  |2 2011 
080 |a 614.2:[725.1:614.21]  |2 2011 
080 |a 712.253  |2 2011 
080 |a 94(084.121)  |2 2011 
245 0 0 |a Pőstyén fűrdő  |h grafika  |b Ferencz Jozsef fűrdő 
246 3 1 |a Bad Pistyan  |b Franz Josefs Bad 
260 |a [Slovensko?]  |b L. F. B.  |c 1906 
300 |a 1 pohľadnica  |b čiernobiela  |c 9 x 14 cm 
500 |a Názvové údaje prevzaté z obrazovej časti pohľadnice 
520 8 |a Zobrazenie: Pohľad na kúpele Franca Jozefa (vtedajšie) zľava z diaľky. V popredí pred budovou je park s viacerými trávnatými plochami, medzi ktorými vedú cesty. V popredí uprostred záberu stojí na okraji cesty muž v kabáte a klobúku. Za ním viac v pozadí na rovnakej ceste stojí žena so zásterou a ručníkom na hlave. Vpravo v popredí je na zábere vidno tabuľku s nečitateľným nápisom. Okolie aj pozadie za budovou tvoria stromy bez lístia 
546 |a Súbežný názov a podnázov v nem. 
650 0 7 |a liečebne  |2 SNKPH  |9 56920 
650 0 7 |a kúpele  |2 SNKPH  |9 1139 
650 0 7 |a parky  |2 SNKPH  |9 2942 
651 7 |a Piešťany (Slovensko)  |2 SNKPHgeo  |9 23981 
655 7 |a miestne pohľadnice  |2 SNKPH  |9 70510 
655 7 |a historické pohľadnice  |2 SNKPH  |9 159703 
852 |a Slovenská národná knižnica 
958 |a GBN 
958 |a ONDV 
958 |a GC 
999 |c 1190313  |d 1192243 
952 |a SNK  |b SNK  |y PREZ  |7 0  |p 17A1208780  |o snkSP 21806  |z Pohľadnica prešla poštou.  |0 0  |1 0  |4 0  |d 2016-08-11  |f 1  |l 0  |r 2026-02-24 22:09:27  |w 2026-02-24